000 02606nam a2200205Ia 4500
008 220216s9999 xx 000 0 und d
100 _aGeorge S
245 0 _aShortening the immature phase of natural rubber through improved planting material and agromanagement practices
260 _bRubber Science
_c2019
300 _a32-41
520 _aThe lengthy unproductive immature phase of natural rubber is a matter of concern among rubber farmers, especially the smallholders. Majority of the rubber plantations in India takes about seven to eight years to attain tappable girth. This paper focuses on the results of a field experiment initiated to evolve an agronomic package to shorten the immaturity period of rubber in which the treatments included combinations of two types of planting material viz green-budded stumps raised in polybags and plants raised by direct-seeding in polybags and two management options viz, current recommended package of practices, and an integrated management comprising enhanced nutrient application, selective manuring and conservation-oriented tillage. The results showed significant difference in the performance of two types of planting material. Direct- seeded green- budded plants were significantly superior to plants raised from green-budded stumps throughout the period under study. The effect of agromanagement practices was reflected in growth of rubber. The girth of the plants under integrated management was superior to that of respective type of planting material under current recommended practice. The soil nutrient status viz the organic carbon and available K contents was significantly improved under integrated management. A higher canopy width was maintained by the direct seeded green-budded plants under integrated management. The soil moisture storage was also positively influenced by integrated management. Thus direct-seeded green-budded plants under integrated management was significantly superior to all others and 68 per cent of the plants reached tappable girth in five years and nine months as against 19 per cent in the control (budded stumps raised in polybags under the current recommended practices). The study revealed that the gestation period of natural rubber could be brought down to less than six years through the use of direct-seeded green-budded plants and adoption of integrated agricultural practices.
650 _aGrowth
650 _aHevea
650 _aImmaturity period
650 _aIntegrated management
650 _aPlanting material
700 _aIdicula S.P
700 _aSyamala V.K
942 _cJS
999 _c68666
_d68666